00813 2200289 4500001002100000005001500021035002000036007000300056008004100059020002200100082001100122084001700133100002000150245011600170250001000286260004300296300003500339500001400374650002500388700001800413700002200431504002600453990001100479990001100490990001100501990001100512INLIS00000000000597920200720112447 a0010-0720000147ta200720 f 0 ind  a978-602-223-078-6 a297.12 a297.12 JAM e0 aJAMILAH, Alatas1 aEnsiklopedia Anak Muslim 12 :bSifat Wajib bagi Allah /cJamilah Alatas; editor, Morena Cindo, Andarini Saptika acet.1 aJakarta :bMultazam Mulia Utama,c2012 av, 122 hlm. :bilus. ;c26 cm. aGlosarium 4aISLAM. SUMBER AJARAN0 aMORENA, Cindo0 aANDARINI, Saptika aBibliografi : hlm.122 a7556 a a7556 b a7556 c a7556 d